Actual Issues of Financial Resources of the International Monetary Fund

Prehľad o finančných zdrojoch MMF - štruktúra a objem. Rozbor finančných zdrojov v MMF podľa objemu úverov členským krajinám.

Gespeichert in:
Bibliographische Detailangaben
1. Verfasser: Kováčová, Jana
Format: Buchkapitel
Sprache:Englisch
Schlagworte:
Tags: Tag hinzufügen
Keine Tags, Fügen Sie das erste Tag hinzu!

MARC

LEADER 00000nla a2200000 4500
001 0214061
005 20240502073557.0
041 0 |a eng 
044 |a SK 
245 1 0 |a Actual Issues of Financial Resources of the International Monetary Fund  |c Jana Kováčová 
520 |a Prehľad o finančných zdrojoch MMF - štruktúra a objem. Rozbor finančných zdrojov v MMF podľa objemu úverov členským krajinám. 
610 2 0 |a Medzinárodný menový fond 
610 2 0 |a zdroje finančné 
610 2 0 |a pôžičky medzinárodné 
610 2 0 |a kvóty 
610 2 0 |a reformy 
100 1 |a Kováčová, Jana